Similar Country Flags - Multiple Choice Quiz - Statistics

General Stats
  • This quiz has been taken 50,147 times
    21,424 since last reset
  • The average score is 13 of 15
Answer Stats
Question Answer % Correct
China
99%
South Korea
98%
Netherlands
97%
Tunisia
91%
Ghana
90%
Poland
89%
Slovakia
87%
Colombia
86%
New Zealand
85%
Liberia
85%
Tanzania
84%
Ireland
84%
Yemen
83%
Sudan
77%
Guinea
73%
No matching quizzes found
Score Distribution
Percent of People with Each Score
Percentile by Number Answered
Your Score History
You have not taken this quiz since the last reset